Wales A-Z - Statistics

General Stats
  • This quiz has been taken 187 times
    109 since last reset
  • The average score is 18 of 26
Answer Stats
Hint Answer % Correct
C Wales's capital Cardiff
99%
D Legendary creature depicted on flag Dragon
98%
E Neighboring country to the east England
98%
R National sport of Wales Rugby Union
93%
S Second largest city Swansea
93%
W Official language Welsh
93%
B Once the most expensive soccer player in the world Gareth {Bale}
87%
L Vegetable used as a national emblem Leek
84%
Y 'the' in the Welsh language Y
84%
A Largest Welsh island Anglesey
81%
J Most common surname Jones
81%
P Region in South America where Welsh is still spoken Patagonia
76%
I Bordering sea to the north and west Irish Sea
74%
Q 'Brenhines' who has welsh corgis Queen
74%
M National stadium located in the capital {Millenium} Stadium
73%
U Is a part of this country United Kingdom
64%
H Hannibal lecter himself Anthony {Hopkins}
58%
G Competes in the Olympic Games as part of this team Great Britain
58%
N Aneruin Bevan was the founder NHS
53%
F Town that shares its name with city in Michigan Flint
52%
T One of the three rivers to flow through the capital Taff
49%
Z Mrs Michael Douglas Catherine Zeta-Jones
46%
V Industrialised region in the south famous for coal mining Valleys
45%
K Bird and national symbol of Welsh wildlife Red Kite
40%
O Earthwork streching across border with England {Offa's} Dyke
36%
X Chinese sister city of C Xiamen
21%
No matching quizzes found
Score Distribution
Percent of People with Each Score
Percentile by Number Answered
Your Score History
You have not taken this quiz since the last reset